| 000 | 00460nam a22001577a 4500 | ||
|---|---|---|---|
| 082 | _aT-150 | ||
| 100 |
_aAdnan Gul. _948532 |
||
| 245 |
_aAnalysis of toll rates to optimize revenues of the Lahore - Islamabad Motorway (M-2) _cAdnan Gul. |
||
| 260 |
_aRisalpur: _bMCE. _c29 Dec 2003. |
||
| 300 | _a195 p.: | ||
| 526 |
_a0 _b0 _c0 _dT_150 |
||
| 650 |
_aMSc in CE _948533 |
||
| 650 |
_aThesis _934811 |
||
| 700 |
_aDr Zafar Iqbal Raja. _948534 |
||
| 942 |
_2ddc _cBK |
||
| 999 |
_c551443 _d551443 |
||